Engelsk ordforråd - Byggematerialer (til engelsk) - Statistics

General Stats
  • This quiz has been taken 158 times
  • The average score is 12 of 26
Answer Stats
Hint Answer % Correct
Glass Glass
85%
Metall Metal
77%
Jord Soil/earth
77%
Asfalt Asphalt
69%
Tre Wood
69%
Murstein Brick
62%
Leire Clay
62%
Maling Paint
62%
Stein Stone
62%
Sement Cement
54%
Betong Concrete
54%
Møbler Furniture
54%
Grus Gravel
54%
Tømmer Timber
54%
Rør Pipes
46%
Fliser Tiles
46%
Rustfritt stål Stainless steel
38%
Isolering Insulation
31%
Gips Plaster
31%
Aluminiumsplate Aluminum sheet
23%
Smijern Wrought iron
23%
Beslag Fittings
15%
Limtre Glulam
15%
Kryssfiner Plywood
15%
Armering Rebar
8%
Armert betong Reinforced concrete
0%
No matching quizzes found
Score Distribution
Percent of People with Each Score
Percentile by Number Answered
Your Score History
You have not taken this quiz